banner-ar

LA BOCETE A MUSIQUE / (Record no. 24758)

MARC details
000 -الفاتح
حقل البيانات ثابتة الطول 00642nam a2200241Ia 4500
008 - عناصر البيانات ثابتة الطول - معلومات عامة
حقل البيانات ثابتة الطول 140319s9999 xx 000 0 eng d
040 ## - مصدر الفهرسة
وكالة الفهرسة الأصلية GCL /
وكالة النسخ GCL
082 04 - رقم تصنيف ديوى العشرى
رقم التصنيف 808.80357
رقم المادة S B
100 1# - المدخل الرئيسى - إسم شخصى
الإسم الشخصى SAVINIO, ALBERTO
245 10 - بيان العنوان
العنوان LA BOCETE A MUSIQUE /
بيان المسئوليه,etc SAVINIO, ALBERTO
260 ## - PUBLICATION, DISTRIBUTION, ETC. (IMPRINT)
تاريخ النشر أو التوزيع 1989
650 04 - المدخل الاضافى بالموضوع-مصطلح موضوعى
مصطلح موضوعي MUSIC - LITERATURE
650 04 - المدخل الاضافى بالموضوع-مصطلح موضوعى
مصطلح موضوعي BACH, JOHANN (1685 - 1750)
650 04 - المدخل الاضافى بالموضوع-مصطلح موضوعى
مصطلح موضوعي WAGNER, RICHARD 1813 - 1883
650 04 - المدخل الاضافى بالموضوع-مصطلح موضوعى
مصطلح موضوعي VERDI, GIUSEPPE 1813 - 1901
650 04 - المدخل الاضافى بالموضوع-مصطلح موضوعى
مصطلح موضوعي MUSIC
650 04 - المدخل الاضافى بالموضوع-مصطلح موضوعى
مصطلح موضوعي BEETHOVEN
650 04 - المدخل الاضافى بالموضوع-مصطلح موضوعى
مصطلح موضوعي ROSSINI
650 04 - المدخل الاضافى بالموضوع-مصطلح موضوعى
مصطلح موضوعي CHOPIN
650 04 - المدخل الاضافى بالموضوع-مصطلح موضوعى
مصطلح موضوعي MOZART, WOLFGANG AMADEUS
942 ## - عناصر المدخل الإضافي( كوها)
مصدر التصنيف او مخطط الترفيف Dewey Decimal Classification
Koha [default] item type كتاب
260 ## - PUBLICATION, DISTRIBUTION, ETC. (IMPRINT)
-- [S.N] :
-- FAYARD ،
Holdings
حالة التراجع حالة الفقد حالة تلف ليس للاعارة المكان المؤقت الموقع الحالى تاريخ الاكتساب اجمالي اﻻعارات رقم الطلب الباركود تاريخ اخر مشاهدة تاريخ تفعيل السعر نوع وعاء كوها
        مكتبة القاهرة الكبرى مكتبة القاهرة الكبرى 03/26/2014   808.80357\S B 43835 03/26/2014 03/26/2014 كتاب

Powered By

EGPV